[Event "Moscow-ch"]
[Site "Moscow"]
[Date "1996.??.??"]
[Round "7"]
[White "Ukolov, Aleksandr"]
[Black "Kalinin, Alexander"]
[Result "1/2-1/2"]
[WhiteElo "2375"]
[BlackElo "2430"]
[PlyCount "56"]
[EventDate "1996.08.??"]
[EventType "swiss"]
[EventRounds "11"]
[EventCountry "RUS"]
[SourceTitle "CBM 055 Extra"]
[Source "ChessBase"]
[SourceDate "1997.01.01"]
[SourceVersion "1"]
[SourceVersionDate "1997.01.01"]
[SourceQuality "1"]

1. d4 Nf6 2. c4 e6 3. Nf3 b6 4. g3 Ba6 5. Nbd2 Bb7 6. Bg2 c5 7. 0-0 cxd4 8. Nxd4 Bxg2 9. Kxg2 Be7 10. b3 0-0 11. Bb2 Qc7 12. e3 Nc6 13. Qf3 Ne5 14. Qe2 a6 15. f4 Nc6 16. e4 Nxd4 17. Bxd4 d6 18. Qf3 Nd7 19. Rad1 Bf6 20. Nb1 b5 21. cxb5 axb5 22. Rf2 Rfc8 23. Nc3 Qa5 24. e5 dxe5 25. fxe5 Nxe5 26. Bxe5 Bxe5 27. Qxf7+ Kh8 28. Ne4 Qb4 1/2-1/2

[Event "Moscow-C"]
[Site "Moscow"]
[Date "1996.??.??"]
[Round "?"]
[White "Ukolov, Aleksandr"]
[Black "Vorotnikov, Vladislav V"]
[Result "0-1"]
[WhiteElo "2375"]
[BlackElo "2505"]
[PlyCount "70"]
[EventDate "1996.??.??"]
[EventType "tourn"]
[EventRounds "9"]
[EventCountry "RUS"]
[EventCategory "4"]
[SourceTitle "EXT 1998"]
[Source "ChessBase"]
[SourceDate "1997.11.17"]
[SourceVersion "1"]
[SourceVersionDate "1997.11.17"]
[SourceQuality "1"]

1. d4 d6 2. e4 Nf6 3. Nc3 e5 4. dxe5 dxe5 5. Qxd8+ Kxd8 6. Bc4 Be6 7. Bxe6 fxe6 8. Be3 Nbd7 9. 0-0-0 Bd6 10. Nh3 Ke7 11. f3 a6 12. Nf2 h6 13. Nd3 b5 14. a4 Rab8 15. axb5 axb5 16. b4 Nb6 17. Bxb6 Rxb6 18. Kb2 Nd7 19. Ra1 c5 20. bxc5 Nxc5 21. Nxc5 Bxc5 22. Ra7+ Kf6 23. Kb3 Rc8 24. Rd1 Rbc6 25. Ra2 Be7 26. Ne2 R8c7 27. c3 Rb7 28. Ra5 b4 29. c4 Rbc7 30. Rc1 Rd7 31. c5 Rd2 32. Ng3 Rxg2 33. Kxb4 Rxh2 34. Kb5 Rc8 35. Ka6 Ra8+ 0-1

[Event "Moscow op"]
[Site "Moscow"]
[Date "1995.??.??"]
[Round "3"]
[White "Ivanov, Victor L"]
[Black "Ukolov, Aleksandr"]
[Result "1-0"]
[WhiteElo "2460"]
[BlackElo "2375"]
[PlyCount "65"]
[EventDate "1995.??.??"]
[EventType "swiss"]
[EventRounds "9"]
[EventCountry "RUS"]
[SourceTitle "EXT 2000"]
[Source "ChessBase"]
[SourceDate "1999.11.16"]
[SourceVersion "1"]
[SourceVersionDate "1999.11.16"]
[SourceQuality "1"]

1. e4 Nf6 2. e5 Nd5 3. d4 d6 4. c4 Nb6 5. exd6 cxd6 6. Nc3 g6 7. Be3 Bg7 8. Rc1 0-0 9. b3 Nc6 10. d5 Ne5 11. Be2 f5 12. f4 Nf7 13. Nf3 e5 14. dxe6 Bxe6 15. 0-0 Re8 16. Qd2 Qe7 17. Rce1 d5 18. c5 Nd7 19. Bb5 a6 20. Ba4 Red8 21. Bxd7 Qxd7 22. Bd4 Bf8 23. Na4 Qc6 24. Nb6 Rab8 25. b4 Re8 26. Ba1 d4 27. Nxd4 Rbd8 28. Qf2 Rxd4 29. Qxd4 Bxa2 30. Rxe8 Qxe8 31. Nd7 Qd8 32. Re1 Bb3 33. Re8 1-0

[Event "Moscow op"]
[Site "Moscow"]
[Date "1995.??.??"]
[Round "2"]
[White "Ukolov, Aleksandr"]
[Black "Bezgodov, Alexei"]
[Result "0-1"]
[WhiteElo "2375"]
[BlackElo "2455"]
[PlyCount "64"]
[EventDate "1995.??.??"]
[EventType "swiss"]
[EventRounds "9"]
[EventCountry "RUS"]
[SourceTitle "EXT 2000"]
[Source "ChessBase"]
[SourceDate "1999.11.16"]
[SourceVersion "1"]
[SourceVersionDate "1999.11.16"]
[SourceQuality "1"]

1. d4 d5 2. c4 c6 3. Nf3 Nf6 4. Nbd2 Bf5 5. Qb3 Qc7 6. g3 e6 7. Bg2 h6 8. 0-0 Nbd7 9. Ne5 Bd6 10. f4 0-0 11. c5 Be7 12. h3 Nxe5 13. fxe5 Nd7 14. e4 Bg6 15. exd5 cxd5 16. Nf3 b6 17. cxb6 Qxb6 18. Qxb6 Nxb6 19. b3 a5 20. Be3 Rfc8 21. Rfc1 Ba3 22. Rxc8+ Rxc8 23. Ne1 a4 24. bxa4 Nxa4 25. Bf1 Bb2 26. Rd1 Nc3 27. Rd2 Bc1 28. Ba6 Ra8 29. Bd3 Bxd2 30. Bxd2 Bxd3 31. Bxc3 Rxa2 32. Nxd3 Ra3 0-1